LDR 00691naa#a2200181#i#450# 001 EN\\bibl\120266 005 20260417024116.5 011 ## _a1819-4036 100 ## _a20210331b2021####ek#y0engy0150####ca 102 ## _aRU 200 1# _aPROTEIN CONTENT AND LEVEL OF PLASTICITY, STABILITY, HOMEOSTATICITY OF COLLECTION RYE SAMPLES UNDER CONDITIONS OF THE NORTHWESTERN REGION _eJournal article 210 1# _aKrasnoyarsk _cKrasnoyarsk State Agrarian University _d2021 215 ## _a6 с. 608 ## _aJournal article _2local 675 ## _aОбщие вопросы сельского хозяйства. 631 _z 700 #1 _aAnis'kov _gNikolay Ivanovich 700 #1 _aSafonova _gIrina Vladimirovna 856 4# _avestnik.kgau.ru _u